Transfery Piasta w letnim okienku transferowym 2021/22. - Statystyki

Ogólne statystyki
  • Ten quiz został rozwiązany 9 razy
  • Średni wynik to 6 z 10
Statystyki odpowiedzi
Cena Pozycja Narodowość Poprzedni Klub Piłkarz % Poprawnych
500 tys Prawy napastnik Polska Eibar Kądzior
100%
1,00 mln Środkowy napastnik Polska Ludogorets Świerczok
100%
25 tys Środkowy obrońca Polska Legia Warszawa Mosor
89%
Za darmo Środkowy napastnik Hiszpania Real Murcia Toril
78%
Za darmo Lewy napastnik Polska Widzew Łódź Ameyaw
67%
Za darmo Lewy obrońca Grecja Wolny Zawodnik Katranis
67%
100 tys Prawy napastnik Polska Nurnberg Steczyk
56%
? Środkowy napastnik Polska AP Profi Kirejczyk
44%
Za darmo Środkowy obrońca Hiszpania Real Murcia Munoz
44%
? Środkowy napastnik Serbia Farense Stojilijkovic
0%
Nie znaleziono quizów pasujących do podanych kryteriów
Rozkład punktacji
Procent ludzi z każdym wynikiem
Percentyl według liczby udzielonych odpowiedzi
Twoja historia wyników
Nie rozwiązałeś tego quizu